Evaluation of damage by cattle at prek leap school forest in thpong district of kampong speu province (ការវាយតំលៃផលប៉ះពាល់សត្វគោទៅលើរុក្ខជាតិនៅសាលារៀនអនុវត្តន៏ព្រៃឈើព្រែកលៀបនៅឃុំប្រាំបីមុុុំស្រុកថ្ពងខេត្តកំពង់ស្ពឹ) (Record no. 3385)
[ view plain ]
| 000 -LEADER | |
|---|---|
| fixed length control field | 00798nam a22001577a 4500 |
| 003 - CONTROL NUMBER IDENTIFIER | |
| control field | OSt |
| 005 - DATE AND TIME OF LATEST TRANSACTION | |
| control field | 20151113095008.0 |
| 008 - FIXED-LENGTH DATA ELEMENTS--GENERAL INFORMATION | |
| fixed length control field | 151113b xxu||||| |||| 00| 0 eng d |
| 040 ## - CATALOGING SOURCE | |
| Transcribing agency | RUA |
| 082 ## - DEWEY DECIMAL CLASSIFICATION NUMBER | |
| Classification number | FOR CHE 2006 B133 Or.1 |
| 100 ## - MAIN ENTRY--PERSONAL NAME | |
| 9 (RLIN) | 3637 |
| Personal name | CHENG, SUNHY. |
| 245 ## - TITLE STATEMENT | |
| Title | Evaluation of damage by cattle at prek leap school forest in thpong district of kampong speu province (ការវាយតំលៃផលប៉ះពាល់សត្វគោទៅលើរុក្ខជាតិនៅសាលារៀនអនុវត្តន៏ព្រៃឈើព្រែកលៀបនៅឃុំប្រាំបីមុុុំស្រុកថ្ពងខេត្តកំពង់ស្ពឹ) |
| 260 ## - PUBLICATION, DISTRIBUTION, ETC. (IMPRINT) | |
| Place of publication, distribution, etc. | Phnom Penh |
| Name of publisher, distributor, etc. | RUA |
| Date of publication, distribution, etc. | 2006 |
| 300 ## - PHYSICAL DESCRIPTION | |
| Extent | ix, 45p. |
| Other physical details | ill. |
| Dimensions | 29cm. |
| 942 ## - ADDED ENTRY ELEMENTS (KOHA) | |
| Source of classification or shelving scheme | |
| Koha item type | FOR |
| Price effective from | Date last seen | Permanent Location | Not for loan | Date acquired | Source of classification or shelving scheme | Koha item type | Barcode | Lost status | Damaged status | Shelving location | Withdrawn status | Current Location | Full call number |
|---|---|---|---|---|---|---|---|---|---|---|---|---|---|
| 2015-11-13 | 2015-11-13 | Library Block B | 2015-11-13 | FOR | RUA026842 | B133 | Library Block B | FOR CHE 2006 B133 Or.1 | |||||
| 2015-11-13 | 2015-11-13 | Library Block B | 2015-11-13 | FOR | RUA026770 | B133 | Library Block B | FOR CHE 2006 B133 Or.2 | |||||
| 2015-11-13 | 2015-11-13 | Library Block B | 2015-11-13 | FOR | RUA026698 | B133 | Library Block B | FOR CHE 2006 B133 Or.3 | |||||
| 2015-11-13 | 2015-11-13 | Library Block B | 2015-11-13 | FOR | RUA026854 | B133 | Library Block B | FOR CHE 2006 B133 Or.4 | |||||
| 2015-11-13 | 2015-11-13 | Library Block B | 2015-11-13 | FOR | RUA026626 | B133 | Library Block B | FOR CHE 2006 B133 Or.5 | |||||
| 2015-11-13 | 2015-11-13 | Library Block B | 2015-11-13 | FOR | RUA026554 | B133 | Library Block B | FOR CHE 2006 B133 Or.6 |